00721nam a2200205 a 450000100100000000500170001000800410002702000150006804000250008324501110010826000500021930000280026950000360029750000340033350000310036750000270039850000350042550000240046070000310048400004502020201002045818.0150129s2004 sp a 001 0 spa d a8495163896 aDO-SdBNPbspacBNPHU03aEl conocimiento científico como referente político en el siglo XXI. /cedición César Nombela Cano. aBilbao, España, :bFundación BBVA,c2004. a497 p. :bil. ;c23 cm. aIncluye notas sobre los autores aIncluye índice alfábetico aÍndice de mapas y tablas aÍndice de gráficos aÍndice de esquemas y figuras aÍndice de cuadros1 aNombela Cano, Césareed.